000 00434nam a2200193Ia 4500
005 20240823040342.0
008 240823s9999||||xx |||||||||||||| ||und||
020 _a978-81-8493-653-7
041 _aTAMIL
082 _A006.76 Q1
100 _aChockan N
245 0 _aTwitter Vettri Kathai
250 _a1st
260 _c2011
_bKizhakku Pathi
500 _aYES
650 _aGeneral
_bGeneral
942 _cBK
999 _c202901
_d202901